Victorian cities
Saved in:
| Main Author: | |
|---|---|
| Format: | Book |
| Language: | English |
| Published: |
Harmondsworth :
Penguin Books,
1990
|
| Subjects: | |
| Tags: |
Add Tag
No Tags, Be the first to tag this record!
|
MARC
| LEADER | 00000nam a2200000 i 4500 | ||
|---|---|---|---|
| 001 | 1/64349 | ||
| 008 | 930929s1990 eng d | ||
| 020 | |a 0-14-020944-1 | ||
| 035 | |a ΛΕΣΒΟΣb10001370 |l 10001370 | ||
| 040 | |a GR-MY-UA |b gre |e aacr | ||
| 041 | 0 | |a eng | |
| 082 | 0 | |a 307.760942 | |
| 100 | 1 | |a Briggs, Asa |d 1921- | |
| 245 | 1 | 0 | |a Victorian cities / |c Asa Briggs |
| 260 | |a Harmondsworth : |b Penguin Books, |c 1990 | ||
| 300 | |a 412 p. | ||
| 504 | |a Includes bibliographical references and index | ||
| 650 | 0 | 0 | |a Cities and towns |z Great Britain |x History. |
| 650 | 0 | 0 | |a Urbanization |z Great Britain |x History. |
| 651 | 0 | |a Great Britain |x History |y Victoria, 1837-1901. | |
| 852 | |a INST |b LESVOS |e 19930929 |h 307.760942 BRI |p 005100004645 |q 005100004645 |t BK |y 0 | ||
| 852 | |a INST |b LESVOS |e 19980720 |h 307.760942 BRI |p 005100013717 |q 005100013717 |t BK |y 0 | ||
| 909 | |a Λ |b 005218 | ||
| 909 | |a Λ |b 044396 | ||
| 922 | |a 1ΔΩΡ |b 199602 |c TKA | ||